[Event "ROM-ch U14"]
[Site "Calimanesti"]
[Date "2013.04.03"]
[Round "2"]
[White "Patrascu, Catalin Lucian"]
[Black "Hincu, Andrei"]
[Result "1-0"]
[WhiteElo "1970"]
[BlackElo "1708"]
[PlyCount "59"]
[EventDate "2013.04.02"]
[EventType "swiss"]
[EventRounds "9"]
[EventCountry "ROU"]
[SourceTitle "CBM 153 Extra"]
[Source "ChessBase"]
[SourceDate "2013.04.22"]
[SourceVersion "1"]
[SourceVersionDate "2013.04.22"]
[SourceQuality "1"]

1. d4 d5 2. c4 Nc6 3. cxd5 Qxd5 4. Nf3 e5 5. dxe5 Qxd1+ 6. Kxd1 Bg4 7. Nc3 Bxf3 8. gxf3 Nxe5 9. Bf4 0-0-0+ 10. Kc2 Bd6 11. Nb5 f6 12. Nxa7+ Kb8 13. Nb5 Bc5 14. Bxe5 fxe5 15. e3 Nf6 16. Bh3 e4 17. f4 Nd5 18. a3 g6 19. Be6 c6 20. Bxd5 cxd5 21. Rad1 Rhf8 22. Rhg1 Rf5 23. Rg5 Rxg5 24. fxg5 b6 25. Nc3 d4 26. b4 d3+ 27. Kd2 Bd6 28. Nxe4 Be5 29. f4 Bb2 30. Rb1 1-0

[Event "Budapest Karacsonyi op 3rd"]
[Site "Budapest"]
[Date "2011.12.29"]
[Round "5"]
[White "Rajcsanyi, Peter"]
[Black "Hincu, Andrei"]
[Result "1-0"]
[WhiteElo "1907"]
[BlackElo "1579"]
[PlyCount "126"]
[EventDate "2011.12.27"]
[EventType "swiss"]
[EventRounds "7"]
[EventCountry "HUN"]
[SourceTitle "EXT 2020"]
[Source "ChessBase"]
[SourceDate "2019.10.17"]
[SourceVersion "1"]
[SourceVersionDate "2019.10.17"]
[SourceQuality "1"]

1. e4 c5 2. Nf3 Nc6 3. d4 cxd4 4. Nxd4 g6 5. Nc3 Bg7 6. Be3 Nf6 7. Nxc6 bxc6 8. e5 Ng8 9. f4 d6 10. Qf3 Bd7 11. Bc4 d5 12. Bb3 Nh6 13. h3 Nf5 14. Bf2 e6 15. 0-0-0 a6 16. g4 Ne7 17. Na4 Rb8 18. Qc3 h5 19. Bc5 Rb5 20. Be3 a5 21. Nc5 Qa8 22. Ba4 Rb8 23. a3 Nc8 24. Bb3 Nb6 25. a4 Bf8 26. Qd3 Bc8 27. Qd2 Nd7 28. Qf2 Be7 29. Bd4 Rb4 30. Nxd7 Kxd7 31. f5 Ke8 32. f6 Bf8 33. g5 Ba6 34. Bc5 Rb7 35. Bxf8 Rxf8 36. Qc5 Ra7 37. Rd2 Rh8 38. h4 Rf8 39. Re1 Rh8 40. Rd4 Rg8 41. Re3 Bf1 42. Rc3 Rc7 43. Qb6 Kd7 44. Qc5 Kc8 45. Rf4 Bg2 46. Qf2 Be4 47. Rc5 Rd8 48. Qd2 Ra7 49. c3 Rb7 50. Bc2 Bxc2 51. Qxc2 Rb6 52. b4 axb4 53. Rxb4 Ra6 54. Qb3 Rd7 55. Rb6 Rc7 56. a5 Rxa5 57. Rxa5 Qxa5 58. Rb8+ Kd7 59. Rf8 c5 60. Rxf7+ Ke8 61. Rxc7 Qxc7 62. Qb5+ Kf7 63. Kc2 d4 1-0

[Event "Budapest Karacsonyi op 3rd"]
[Site "Budapest"]
[Date "2011.12.28"]
[Round "2"]
[White "Farkas, Laszlo1111"]
[Black "Hincu, Andrei"]
[Result "0-1"]
[WhiteElo "1264"]
[BlackElo "1579"]
[PlyCount "54"]
[EventDate "2011.12.27"]
[EventType "swiss"]
[EventRounds "7"]
[EventCountry "HUN"]
[SourceTitle "EXT 2020"]
[Source "ChessBase"]
[SourceDate "2019.10.17"]
[SourceVersion "1"]
[SourceVersionDate "2019.10.17"]
[SourceQuality "1"]

1. e4 c5 2. Nf3 Nc6 3. Bb5 g6 4. 0-0 Bg7 5. Nc3 a6 6. Bxc6 bxc6 7. Ne2 d5 8. d3 Bg4 9. Ng3 Nf6 10. h3 Bxf3 11. Qxf3 0-0 12. c3 Rb8 13. b3 Qc7 14. Be3 Nd7 15. Rac1 c4 16. bxc4 dxc4 17. d4 Qa5 18. Rc2 c5 19. Rd1 Rfd8 20. dxc5 Nxc5 21. Rxd8+ Rxd8 22. Bxc5 Qxc5 23. Qe2 Be5 24. Rd2 Rxd2 25. Qxd2 Bxg3 26. Qd8+ Kg7 27. Qd4+ Qxd4 0-1

[Event "Budapest Karacsonyi op 3rd"]
[Site "Budapest"]
[Date "2011.12.28"]
[Round "3"]
[White "Hincu, Andrei"]
[Black "Jeszenszky, Jozsef"]
[Result "1-0"]
[WhiteElo "1579"]
[BlackElo "1788"]
[PlyCount "70"]
[EventDate "2011.12.27"]
[EventType "swiss"]
[EventRounds "7"]
[EventCountry "HUN"]
[SourceTitle "EXT 2020"]
[Source "ChessBase"]
[SourceDate "2019.10.17"]
[SourceVersion "1"]
[SourceVersionDate "2019.10.17"]
[SourceQuality "1"]

1. e4 e6 2. d4 d5 3. exd5 exd5 4. Nc3 c6 5. Nf3 Bd6 6. Bd3 Bg4 7. h3 Bh5 8. Be2 Nd7 9. 0-0 Ne7 10. Re1 Qc7 11. Ng5 Bg6 12. Bh5 Nf6 13. Be2 h6 14. Nf3 0-0-0 15. Ne5 Bxe5 16. dxe5 Ne4 17. Bh5 Rhe8 18. Bf4 Bxh5 19. Qxh5 Nxc3 20. bxc3 Ng6 21. Bh2 Re6 22. f4 Nf8 23. f5 Ree8 24. e6 Qb6+ 25. Kh1 fxe6 26. fxe6 Nxe6 27. Qg4 c5 28. Re5 Rd6 29. Rae1 Qc6 30. R5e2 h5 31. Qg6 Nc7 32. Rxe8+ Nxe8 33. Qxe8+ Rd8 34. Qe6+ Qxe6 35. Rxe6 Kd7 1-0

[Event "ROM-ch U12"]
[Site "Voineasa"]
[Date "2010.04.09"]
[Round "2"]
[White "Hincu, Andrei"]
[Black "Vrajitoru, Vlad Laurentiu Flor"]
[Result "1/2-1/2"]
[WhiteElo "1472"]
[BlackElo "1867"]
[PlyCount "119"]
[EventDate "2010.04.08"]
[EventType "swiss"]
[EventRounds "9"]
[EventCountry "ROU"]
[SourceTitle "EXT 2020"]
[Source "ChessBase"]
[SourceDate "2019.10.17"]
[SourceVersion "1"]
[SourceVersionDate "2019.10.17"]
[SourceQuality "1"]

1. e4 c6 2. d4 d5 3. exd5 cxd5 4. Nc3 Nf6 5. Nf3 Bg4 6. h3 Bh5 7. g4 Bg6 8. Bg2 e6 9. Ne5 a6 10. Nxg6 hxg6 11. f4 Qc7 12. Qd3 Nc6 13. a3 Bd6 14. Qe3 0-0-0 15. Bd2 Qb6 16. 0-0-0 Qxd4 17. Qxd4 Nxd4 18. Be3 Nc6 19. Rhf1 Ne7 20. Kb1 Bc7 21. Rd3 Nd7 22. Bd4 Rhg8 23. Be3 Bb6 24. Na4 Bxe3 25. Rxe3 b5 26. Rc3+ Kb8 27. Nc5 Nxc5 28. Rxc5 Rc8 29. Rxc8+ Rxc8 30. Rf3 Nc6 31. f5 gxf5 32. gxf5 Nd4 33. Rf2 Nxf5 34. Bxd5 Rc5 35. Be4 Nd6 36. Bg2 Kc7 37. b3 Rf5 38. Rd2 g5 39. Rd3 Re5 40. Rc3+ Kd7 41. Kb2 Nf5 42. Bc6+ Ke7 43. Bb7 a5 44. Rc7+ Kf6 45. Ba6 b4 46. axb4 axb4 47. Rb7 Re4 48. Bd3 Rh4 49. Bc4 Nd6 50. Rxb4 Nxc4+ 51. bxc4 Rxh3 52. c5 Rh8 53. Kc3 Rh3+ 54. Kb2 Rh8 55. Kc3 Ke5 56. Rd4 Rc8 57. Kc4 Rc7 58. Rd3 f5 59. Kb5 f4 60. Kb6 1/2-1/2

[Event "ROM-ch U10 Boys"]
[Site "Voineasa"]
[Date "2008.04.15"]
[Round "5"]
[White "Hincu, Andrei"]
[Black "Stefan, Andrei Paul"]
[Result "0-1"]
[WhiteElo "401"]
[BlackElo "461"]
[PlyCount "78"]
[EventDate "2008.04.08"]
[EventType "swiss"]
[EventRounds "9"]
[EventCountry "ROU"]
[SourceTitle "EXT 2013"]
[Source "ChessBase"]
[SourceDate "2012.11.22"]
[SourceVersion "1"]
[SourceVersionDate "2012.11.22"]
[SourceQuality "1"]

1. e4 c5 2. b4 cxb4 3. Bb2 d6 4. d4 Nc6 5. d5 Ne5 6. c3 bxc3 7. Nxc3 Nf6 8. Qd2 g6 9. 0-0-0 Bg7 10. Nf3 Bg4 11. Be2 0-0 12. h3 Bxf3 13. gxf3 Rc8 14. Kb1 Nc4 15. Bxc4 Rxc4 16. Qe2 Qc7 17. Qd2 Rc8 18. Rc1 Nd7 19. Nb5 Rxc1+ 20. Rxc1 Qb8 21. Rxc8+ Qxc8 22. Bxg7 Kxg7 23. Qc2 Qxc2+ 24. Kxc2 a6 25. Nc3 Kf6 26. a4 Kg5 27. Ne2 f5 28. exf5 gxf5 29. f4+ Kh4 30. Ng1 Nf6 31. Kd3 Nxd5 32. Kd4 Nxf4 33. Ke3 Nd5+ 34. Kd4 Nb6 35. a5 Nd7 36. Kd5 Kg5 37. Ke6 Nc5+ 38. Kxe7 Nb3 39. Kxd6 Nxa5 0-1

[Event "ROM-ch U10 Boys"]
[Site "Voineasa"]
[Date "2008.04.13"]
[Round "3"]
[White "Mirt, Alexandru"]
[Black "Hincu, Andrei"]
[Result "0-1"]
[WhiteElo "476"]
[BlackElo "401"]
[PlyCount "48"]
[EventDate "2008.04.08"]
[EventType "swiss"]
[EventRounds "9"]
[EventCountry "ROU"]
[SourceTitle "EXT 2013"]
[Source "ChessBase"]
[SourceDate "2012.11.22"]
[SourceVersion "1"]
[SourceVersionDate "2012.11.22"]
[SourceQuality "1"]

1. e4 e5 2. Nf3 Nc6 3. d4 Bd6 4. dxe5 Bxe5 5. Nxe5 Nxe5 6. Be2 Ne7 7. Bf4 d6 8. Bxe5 dxe5 9. Qxd8+ Kxd8 10. 0-0 b6 11. Nd2 h5 12. Rfd1 Bd7 13. Nf3 f6 14. Bb5 Kc8 15. Rxd7 c6 16. Rxe7 cxb5 17. Rxg7 Rd8 18. Nh4 Rb8 19. Rxa7 Rd2 20. Nf5 Rb7 21. Rxb7 Kxb7 22. Re1 Ka6 23. Re3 Rd1+ 24. Re1 Rxe1# 0-1

[Event "ROM-ch U10 Boys"]
[Site "Voineasa"]
[Date "2008.04.12"]
[Round "1"]
[White "Statescu Enescu, Ioan"]
[Black "Hincu, Andrei"]
[Result "1-0"]
[WhiteElo "548"]
[BlackElo "401"]
[PlyCount "77"]
[EventDate "2008.04.08"]
[EventType "swiss"]
[EventRounds "9"]
[EventCountry "ROU"]
[SourceTitle "EXT 2013"]
[Source "ChessBase"]
[SourceDate "2012.11.22"]
[SourceVersion "1"]
[SourceVersionDate "2012.11.22"]
[SourceQuality "1"]

1. d4 g6 2. c4 Bg7 3. Nf3 e6 4. Nc3 Ne7 5. e3 0-0 6. Bd3 c6 7. b3 d5 8. c5 Qa5 9. Bd2 Qc7 10. 0-0 b6 11. b4 Ba6 12. Bxa6 Nxa6 13. Qe2 Qb7 14. b5 cxb5 15. Qxb5 Nc7 16. Qb3 Nc6 17. Rab1 Rab8 18. Na4 b5 19. Nc3 Na5 20. Qb4 Nc4 21. a4 a6 22. a5 Nxd2 23. Nxd2 e5 24. Na4 Qc6 25. Nb6 exd4 26. exd4 Ne6 27. Nf3 Rfe8 28. Rfe1 Rb7 29. Ne5 Qc7 30. c6 Rbb8 31. Nxd5 Qd8 32. Nb6 Qxd4 33. Qxd4 Nxd4 34. c7 Bxe5 35. cxb8Q Bxb8 36. Rxe8+ Kg7 37. Rxb8 Ne2+ 38. Kf1 Nc3 39. Rc1 1-0